plane to paris - Nessa Barrett - Statistics

General Stats
  • This quiz has been taken 19 times
  • The average score is 185 of 268
Answer Stats
Hint Answer % Correct
I
100%
if
100%
Verse 2 If
100%
a
90%
do
90%
down?
90%
Down
90%
happen
90%
it
90%
loud
90%
or
90%
out
90%
Paris
90%
plane
90%
say
90%
that
90%
the
90%
think
90%
this
90%
to
90%
we
90%
went
90%
What
90%
would
90%
you
90%
You
90%
At
80%
at
80%
be
80%
call
80%
de
80%
for
80%
go
80%
is
80%
of
80%
on
80%
same?
80%
Verse 1 Shouldn't
80%
so
80%
your
80%
Chorus You're
80%
all
70%
can
70%
cry
70%
end
70%
everything
70%
first
70%
ground
70%
I'd
70%
in
70%
know
70%
last
70%
loved
70%
ma
70%
minutes
70%
my
70%
need
70%
nothing's
70%
promised
70%
sky
70%
they
70%
told
70%
us
70%
With
70%
with
70%
Wouldn't
70%
And
60%
and
60%
Armageddon
60%
away?
60%
breath
60%
caves
60%
get
60%
It's
60%
left
60%
live
60%
made
60%
make
60%
me
60%
name
60%
Pre-Chorus Now
60%
scared
60%
seconds
60%
see
60%
today
60%
true
60%
was
60%
were
60%
You'd
60%
As
50%
captain
50%
comet
50%
death
50%
exit
50%
gentlemen
50%
je
50%
Je
50%
Ladies
50%
phone
50%
pilot
50%
Ridin'
50%
some
50%
speaking
50%
time
50%
affairs
40%
blows
40%
calls
40%
doomsday
40%
engine
40%
may
40%
order
40%
prays
40%
quite
40%
row
40%
want
40%
While
40%
amour
30%
Outro Mon
30%
pas
30%
que
30%
suis
30%
un
30%
au
20%
besoin
20%
ce
20%
desolee
20%
faire
20%
j'ai
20%
Merci
20%
n'est
20%
promets
20%
revoir
20%
sais
20%
sentir
20%
tellement
20%
toi
20%
toujours
20%
aimee
10%
pour
10%
t'aime
10%
No matching quizzes found
Score Distribution
Percent of People with Each Score
Percentile by Number Answered
Your Score History
You have not taken this quiz